| 000 | 00546nam a2200217Ia 4500 | ||
|---|---|---|---|
| 008 | 140626s9999 xx 000 0 und d | ||
| 100 | _aColmenares, Pinky. | ||
| 245 |
_aHoliday gifts from road trips / _cPinky Colmenares. |
||
| 260 | _cc2011. | ||
| 300 | _a13 : 7, page 12 | ||
| 440 | _aCruising | ||
| 521 | _aTOU | ||
| 650 | _aChristmas season. | ||
| 650 | _aGift giving. | ||
| 650 | _aLocal crafts. | ||
| 650 | _aLocal specialty. | ||
| 650 | _aOrganic products. | ||
| 650 | _aRoad trips. | ||
| 650 | _aSouvenirs. | ||
| 942 | _cSE | ||
| 999 |
_c121165 _d121165 |
||